000 00321nam a2200133Ia 4500
005 20251222143247.0
008 251222s9999||||xx |||||||||||||| ||spa||
020 _a84-301-0917-X
082 _a230.9/B61
100 _aBlázquez, Ricardo
245 0 _aJesús si la Iglesia también:
264 _bSígueme
942 _cLIB
999 _c14811
_d14811